Six Flags Magic Mountain Roller Coasters - Statistics

General Stats
  • This quiz has been taken 470 times
  • The average score is 13 of 19
Answer Stats
Hint Roller Coasters % Correct
2008 X2
91%
2006 Tatsu
87%
2015 Twisted Colossus
84%
1994 Batman
83%
2000 Goliath
82%
1990 Viper
79%
2013 Full Throttle
78%
2003 Scream
77%
1998 Riddler's Revenge
74%
2019 West Coast Racers
74%
1976 Revolution
72%
1988 Ninja
69%
2009 Apocalypse
67%
2011 Superman: Escape from Krypton
67%
1971 Gold Rusher
61%
1971 Magic Flyer
32%
2011 Roadrunner Express
32%
1999 Canyon Blaster
31%
2014 Speedy Gonzalez Hot Rod Racers
10%
No matching quizzes found
Score Distribution
Percent of People with Each Score
Percentile by Number Answered
Your Score History
You have not taken this quiz